[Event "Stockholm All Saints op"]
[Site "Stockholm"]
[Date "2013.10.31"]
[Round "2"]
[White "Gustavsson, Kent"]
[Black "Isakson, Alex"]
[Result "1-0"]
[WhiteElo "1915"]
[BlackElo "2004"]
[PlyCount "171"]
[EventDate "2013.10.31"]
[EventType "swiss"]
[EventRounds "7"]
[EventCountry "SWE"]
[SourceTitle "EXT 2014"]
[Source "ChessBase"]
[SourceDate "2013.11.20"]
[SourceVersion "1"]
[SourceVersionDate "2013.11.20"]
[SourceQuality "1"]

1. d4 Nf6 2. c4 d6 3. Nc3 g6 4. g3 Bg7 5. Bg2 0-0 6. Nf3 c5 7. d5 Nbd7 8. 0-0 Rb8 9. e4 Ng4 10. h3 Nge5 11. Nxe5 Nxe5 12. Qe2 a6 13. f4 Nd7 14. a4 Qa5 15. Bd2 Qb4 16. Nd1 Qb3 17. Rf3 Qb6 18. a5 Qc7 19. Bc3 Bxc3 20. Nxc3 b6 21. Qc2 bxa5 22. Nd1 Nf6 23. Rfa3 Qb6 24. Rxa5 Qb3 25. Qxb3 Rxb3 26. R5a3 Rb6 27. Kf2 Rd8 28. Kf3 h5 29. R1a2 Bb7 30. Ne3 Rb8 31. g4 hxg4+ 32. hxg4 Bc8 33. g5 Ne8 34. Nd1 Ng7 35. Bf1 Nh5 36. Bd3 Kg7 37. f5 Rb4 38. Rc3 Kh7 39. Bc2 Kg7 40. b3 Ra8 41. Nf2 Rab8 42. Nd3 R4b6 43. Nf4 Bd7 44. Nxh5+ gxh5 45. Kf4 Rh8 46. Rh3 e6 47. f6+ Kf8 48. Rh4 e5+ 49. Kg3 Bg4 50. Ra1 Kg8 51. Rah1 Kh7 52. Rxg4 Kg6 53. Rgh4 Kxg5 54. Bd1 Kxf6 55. Rxh5 Rg8+ 56. Kf3 Rg6 57. Rh6 a5 58. Rxg6+ Kxg6 59. Ke3 Rb4 60. Kd3 Rb6 61. Kc3 f5 62. Bc2 fxe4 63. Bxe4+ Kg5 64. Rf1 Rb8 65. Rf5+ Kg4 66. Rf6 Rd8 67. Kb2 Kg5 68. Rf5+ Kg4 69. Ka3 Ra8 70. Ka4 Rb8 71. Rf6 Rb4+ 72. Ka3 a4 73. Bc2 axb3 74. Bxb3 Rb6 75. Kb2 Kg5 76. Re6 Kf5 77. Kc3 Ke4 78. Ba4 Ra6 79. Bc6 Ra3+ 80. Kb2 Rh3 81. Rxd6 Kd4 82. Bb5 e4 83. Re6 e3 84. d6 Rh8 85. d7 Rd8 86. Re8 1-0

[Event "Bremen-ch op"]
[Site "Bremen"]
[Date "2013.03.29"]
[Round "8"]
[White "Bokelmann, Joachim"]
[Black "Isakson, Alex"]
[Result "1/2-1/2"]
[WhiteElo "2063"]
[BlackElo "1989"]
[PlyCount "51"]
[EventDate "2013.03.23"]
[EventType "swiss"]
[EventRounds "9"]
[EventCountry "GER"]
[SourceTitle "EXT 2022"]
[Source "ChessBase"]
[SourceDate "2021.10.06"]
[SourceVersion "1"]
[SourceVersionDate "2021.10.06"]
[SourceQuality "1"]

1. d4 d5 2. Nf3 Nf6 3. Bf4 c5 4. e3 Nc6 5. c3 Bg4 6. Nbd2 e6 7. Be2 Be7 8. h3 Bh5 9. 0-0 0-0 10. Re1 Bd6 11. Bxd6 Qxd6 12. dxc5 Qxc5 13. Nb3 Qb6 14. Nfd4 Bxe2 15. Rxe2 Ne5 16. Rb1 Rfc8 17. Rc2 Ne4 18. Nf3 Nxf3+ 19. Qxf3 Qa6 20. Ra1 b5 21. Qe2 Qb6 22. Rac1 Rc7 23. Nd4 Nd6 24. Qd3 Rac8 25. Ne2 Qa5 26. a3 1/2-1/2

[Event "Leipzig VfB op 20th"]
[Site "Leipzig"]
[Date "2013.03.09"]
[Round "7"]
[White "Pauscher, Wolfgang"]
[Black "Isakson, Alex"]
[Result "0-1"]
[WhiteElo "1806"]
[BlackElo "1989"]
[PlyCount "72"]
[EventDate "2013.03.05"]
[EventType "swiss"]
[EventRounds "9"]
[EventCountry "GER"]
[SourceTitle "EXT 2014"]
[Source "ChessBase"]
[SourceDate "2013.11.20"]
[SourceVersion "1"]
[SourceVersionDate "2013.11.20"]
[SourceQuality "1"]

1. e4 c5 2. Nf3 d6 3. d4 cxd4 4. Nxd4 Nf6 5. Nc3 a6 6. Bg5 e6 7. f4 Be7 8. Qf3 Qc7 9. 0-0-0 Nbd7 10. g4 b5 11. Bxf6 gxf6 12. f5 Nc5 13. a3 Rb8 14. Bh3 b4 15. axb4 Rxb4 16. g5 fxg5 17. fxe6 Bxe6 18. Bxe6 fxe6 19. Qh3 Qd7 20. Rhf1 h5 21. Nce2 g4 22. Qc3 Qa4 23. Kb1 e5 24. Nb3 Rc4 25. Nxc5 Rxc5 26. Qd3 Ra5 27. c3 Qa2+ 28. Kc2 Rb5 29. Rb1 Qb3+ 30. Kd2 Rh6 31. Qe3 Rg6 32. Qa7 Bg5+ 33. Kd3 Rf6 34. Qxa6 Rb8 35. Rxf6 Bxf6 36. Qxd6 Rd8 0-1

[Event "Leipzig VfB op 20th"]
[Site "Leipzig"]
[Date "2013.03.07"]
[Round "5"]
[White "Heinsohn, Guenter"]
[Black "Isakson, Alex"]
[Result "1/2-1/2"]
[WhiteElo "2152"]
[BlackElo "1989"]
[PlyCount "43"]
[EventDate "2013.03.05"]
[EventType "swiss"]
[EventRounds "9"]
[EventCountry "GER"]
[SourceTitle "EXT 2014"]
[Source "ChessBase"]
[SourceDate "2013.11.20"]
[SourceVersion "1"]
[SourceVersionDate "2013.11.20"]
[SourceQuality "1"]

1. e4 c5 2. Nf3 Nc6 3. Bb5 g6 4. 0-0 Bg7 5. Bxc6 dxc6 6. d3 Nf6 7. h3 0-0 8. Be3 b6 9. Qc1 Re8 10. Na3 Ba6 11. Bh6 Bh8 12. e5 Nd5 13. Re1 Nc7 14. Qe3 Qd5 15. c4 Qd7 16. Rad1 Ne6 17. Nc2 Rad8 18. Qe4 Qc7 19. Bd2 Bc8 20. Bc3 Nf8 21. Ne3 Be6 22. b3 1/2-1/2

[Event "Bremen-ch op"]
[Site "Bremen"]
[Date "2012.04.05"]
[Round "7"]
[White "Isakson, Alex"]
[Black "Wemssen, Lothar"]
[Result "1-0"]
[WhiteElo "1963"]
[BlackElo "2043"]
[PlyCount "59"]
[EventDate "2012.03.31"]
[EventType "swiss"]
[EventRounds "9"]
[EventCountry "GER"]
[SourceTitle "EXT 2022"]
[Source "ChessBase"]
[SourceDate "2021.10.06"]
[SourceVersion "1"]
[SourceVersionDate "2021.10.06"]
[SourceQuality "1"]

1. e4 d6 2. d4 Nf6 3. Nc3 g6 4. Nf3 Bg7 5. Be2 0-0 6. 0-0 c6 7. a4 Qc7 8. h3 Nbd7 9. Be3 e5 10. dxe5 dxe5 11. Bc4 Nb6 12. Bb3 Be6 13. Bxe6 fxe6 14. Qe2 h6 15. Rfd1 Nh5 16. g3 Qf7 17. Nd2 Rad8 18. Bc5 Rfe8 19. a5 Nc8 20. Nc4 Kh7 21. Bd6 Nxd6 22. Nxd6 Rxd6 23. Rxd6 Bf8 24. Rd2 Bc5 25. Kg2 Rf8 26. Na4 Be7 27. Rd7 Qf6 28. Rad1 Qg5 29. Kh1 Kg8 30. Rxb7 1-0

[Event "Bremen-ch op"]
[Site "Bremen"]
[Date "2012.03.31"]
[Round "1"]
[White "Isakson, Alex"]
[Black "Hentrop, Malte"]
[Result "1-0"]
[WhiteElo "1963"]
[BlackElo "1862"]
[PlyCount "75"]
[EventDate "2012.03.31"]
[EventType "swiss"]
[EventRounds "9"]
[EventCountry "GER"]
[SourceTitle "EXT 2022"]
[Source "ChessBase"]
[SourceDate "2021.10.06"]
[SourceVersion "1"]
[SourceVersionDate "2021.10.06"]
[SourceQuality "1"]

1. e4 e5 2. Nf3 Nc6 3. d4 exd4 4. Nxd4 Bc5 5. Be3 Qf6 6. c3 Nge7 7. Bc4 d6 8. 0-0 a6 9. f4 0-0 10. Kh1 b5 11. Be2 Bb7 12. Bf3 Kh8 13. Qd2 Bb6 14. Na3 Nxd4 15. cxd4 Nc6 16. e5 Qe7 17. Rac1 Qd7 18. Nc2 dxe5 19. dxe5 Qxd2 20. Bxd2 Rfd8 21. Rfd1 Na5 22. Bxa5 Rxd1+ 23. Rxd1 Bxf3 24. gxf3 Bxa5 25. Rd7 Kg8 26. Ne3 Kf8 27. f5 c5 28. e6 fxe6 29. fxe6 Re8 30. Rd6 Bd8 31. Rxa6 Bf6 32. b3 b4 33. f4 Bd4 34. Nd5 g6 35. Kg2 Kg8 36. Kf3 Rf8 37. Ke4 Re8 38. Nxb4 1-0

[Event "Bundesliga 1011"]
[Site "Germany"]
[Date "2011.04.09"]
[Round "14.8"]
[White "Mann, Christian"]
[Black "Isakson, Alex"]
[Result "1/2-1/2"]
[WhiteElo "2444"]
[BlackElo "1958"]
[PlyCount "84"]
[EventDate "2010.10.09"]
[EventType "team-tourn"]
[EventRounds "15"]
[EventCountry "GER"]
[SourceTitle "EXT 2012"]
[Source "ChessBase"]
[SourceDate "2011.11.24"]
[SourceVersion "1"]
[SourceVersionDate "2011.11.24"]
[SourceQuality "1"]
[WhiteTeam "Eppingen"]
[BlackTeam "Delmenhorst"]
[WhiteTeamCountry "GER"]
[BlackTeamCountry "GER"]

1. g3 Nf6 2. Bg2 g6 3. d4 Bg7 4. e4 d6 5. Ne2 0-0 6. 0-0 Nbd7 7. Nbc3 e5 8. h3 Nh5 9. Be3 Nb6 10. b3 f5 11. dxe5 dxe5 12. Qxd8 Rxd8 13. Nb5 f4 14. Bxb6 cxb6 15. Rfd1 Bd7 16. a4 Bc6 17. g4 Nf6 18. Nec3 a6 19. Nd6 Nd7 20. Rd2 Nc5 21. Rad1 Ne6 22. Nc4 b5 23. Nb6 Rxd2 24. Rxd2 Rd8 25. Rxd8+ Nxd8 26. axb5 axb5 27. Bf1 b4 28. Ncd5 Bf8 29. Bc4 Kg7 30. Bd3 Bc5 31. Nc4 Nf7 32. Nc7 Kf6 33. h4 h6 34. Kf1 g5 35. h5 Nd6 36. Nd5+ Ke6 37. Nxd6 Kxd6 38. Nf6 Ke6 39. Ng8 Bf8 40. Bc4+ Kd6 41. Nf6 Kc5 42. Ke2 Kd4 1/2-1/2

[Event "GER-ch U25"]
[Site "Oberhof"]
[Date "2010.05.28"]
[Round "8"]
[White "Siebarth, Marco"]
[Black "Isakson, Alex"]
[Result "1/2-1/2"]
[WhiteElo "2049"]
[BlackElo "1926"]
[PlyCount "31"]
[EventDate "2010.05.22"]
[EventType "swiss"]
[EventRounds "9"]
[EventCountry "GER"]
[SourceTitle "CBM 136 Extra"]
[Source "ChessBase"]
[SourceDate "2010.07.02"]
[SourceVersion "2"]
[SourceVersionDate "2010.07.15"]
[SourceQuality "1"]

1. Nc3 Nf6 2. e4 d5 3. e5 Ne4 4. Nxe4 dxe4 5. d4 exd3 6. Qxd3 Qxd3 7. Bxd3 Nc6 8. f4 g6 9. a3 Be6 10. Be3 0-0-0 11. Nf3 Bh6 12. Kf2 f6 13. exf6 exf6 14. Rhe1 Rhe8 15. g3 f5 16. Rad1 1/2-1/2

[Event "Volme op-B"]
[Site "Schalksmuehle"]
[Date "2007.08.26"]
[Round "4"]
[White "Isakson, Alex"]
[Black "Schuelke, Tilman"]
[Result "0-1"]
[WhiteElo "1904"]
[BlackElo "1911"]
[PlyCount "72"]
[EventDate "2007.08.24"]
[EventType "tourn"]
[EventRounds "5"]
[EventCountry "GER"]
[SourceTitle "EXT 2009"]
[Source "ChessBase"]
[SourceDate "2008.11.26"]
[SourceVersion "1"]
[SourceVersionDate "2008.11.26"]
[SourceQuality "1"]

1. e4 a6 2. c4 c5 3. Nf3 Nc6 4. d4 cxd4 5. Nxd4 e6 6. Nc3 Bb4 7. Be3 Nf6 8. Qc2 Bxc3+ 9. bxc3 0-0 10. Nxc6 dxc6 11. Bc5 Re8 12. e5 Nd7 13. Bd6 Qg5 14. h4 Qf4 15. g3 Qf3 16. Rg1 c5 17. Be2 Qf5 18. Bd3 Qh5 19. g4 Qxh4 20. Be4 g6 21. Qd2 f6 22. Rh1 Qxg4 23. Qh6 Qxe4+ 24. Kd2 g5 25. Rag1 Qg6 26. Qh3 Kg7 27. f4 h6 28. exf6+ Nxf6 29. Be5 Rd8+ 30. Kc1 Rd3 31. Bxf6+ Kxf6 32. fxg5+ Ke7 33. Qxh6 Qf5 34. g6 Rxc3+ 35. Kb2 Rc2+ 36. Ka1 Qe5+ 0-1

[Event "Volme op-B"]
[Site "Schalksmuehle"]
[Date "2007.08.25"]
[Round "3"]
[White "Lueck, Kai"]
[Black "Isakson, Alex"]
[Result "0-1"]
[WhiteElo "1980"]
[BlackElo "1904"]
[PlyCount "108"]
[EventDate "2007.08.24"]
[EventType "tourn"]
[EventRounds "5"]
[EventCountry "GER"]
[SourceTitle "EXT 2009"]
[Source "ChessBase"]
[SourceDate "2008.11.26"]
[SourceVersion "1"]
[SourceVersionDate "2008.11.26"]
[SourceQuality "1"]

1. d4 d5 2. Nf3 Nf6 3. c4 e6 4. Bg5 c5 5. cxd5 Qa5+ 6. Qd2 Qxd2+ 7. Nbxd2 Nxd5 8. Rc1 Nd7 9. e4 Nb4 10. a3 Nc6 11. dxc5 Nxc5 12. b4 Nd7 13. Bb5 Ndb8 14. Bf4 Bd7 15. Nc4 f6 16. Bd6 Be7 17. Rd1 a6 18. Nb6 Bxd6 19. Bxc6 Bxc6 20. Nxa8 Ke7 21. Nb6 Bxe4 22. 0-0 Nc6 23. Rfe1 Bg6 24. Nd4 Ne5 25. f4 Bc7 26. fxe5 Bxb6 27. exf6+ Kf7 28. fxg7 Rd8 29. Kh1 Rxd4 30. Rxd4 Bxd4 31. Rxe6 Bxg7 32. Re2 Bh6 33. Kg1 Bc1 34. a4 Ba3 35. b5 Bc5+ 36. Kh1 axb5 37. axb5 Bd3 38. Rb2 Ke6 39. Rb3 Be4 40. h4 Kd5 41. Kh2 Bd4 42. g4 Kc4 43. Ra3 Kxb5 44. Kg3 Kb4 45. Ra2 Bd3 46. Kf4 b5 47. h5 Kb3 48. Ra8 b4 49. g5 Kc3 50. Rc8+ Bc4 51. g6 hxg6 52. h6 b3 53. Kg5 b2 54. Rb8 Bb3 0-1

[Event "Volme op-B"]
[Site "Schalksmuehle"]
[Date "2007.08.24"]
[Round "1"]
[White "Rosskothen, Arnd"]
[Black "Isakson, Alex"]
[Result "0-1"]
[WhiteElo "1980"]
[BlackElo "1904"]
[PlyCount "48"]
[EventDate "2007.08.24"]
[EventType "tourn"]
[EventRounds "5"]
[EventCountry "GER"]
[SourceTitle "EXT 2009"]
[Source "ChessBase"]
[SourceDate "2008.11.26"]
[SourceVersion "1"]
[SourceVersionDate "2008.11.26"]
[SourceQuality "1"]

1. e4 c5 2. Nf3 Nc6 3. Bb5 g6 4. Bxc6 dxc6 5. d3 Bg7 6. h3 h6 7. Nc3 e5 8. Be3 b6 9. Qd2 Ne7 10. 0-0-0 Be6 11. Nh2 g5 12. h4 gxh4 13. Nf3 Ng6 14. Rh2 Bg4 15. Rdh1 h3 16. Ne1 hxg2 17. Rxg2 h5 18. f3 Be6 19. Ne2 h4 20. f4 exf4 21. Nxf4 Qf6 22. Nxe6 Qxe6 23. Kb1 0-0-0 24. Nf3 Qf6 0-1

[Event "GER-ch U18"]
[Site "Willingen"]
[Date "2007.05.30"]
[Round "7"]
[White "Isakson, Alex"]
[Black "Bodrozic, Tomislav"]
[Result "1-0"]
[WhiteElo "1884"]
[BlackElo "1881"]
[PlyCount "27"]
[EventDate "2007.05.26"]
[EventType "swiss"]
[EventRounds "9"]
[EventCountry "GER"]
[SourceTitle "CBM 118 Extra"]
[Source "ChessBase"]
[SourceDate "2007.07.04"]
[SourceVersion "1"]
[SourceVersionDate "2007.07.04"]
[SourceQuality "1"]

1. e4 c5 2. c3 Nf6 3. e5 Nd5 4. Bc4 Nb6 5. Bb3 c4 6. Bc2 e6 7. Nf3 d6 8. Qe2 Qc7 9. b3 N8d7 10. exd6 Bxd6 11. Ba3 cxb3 12. axb3 0-0 13. Qd3 Nf6 14. Bxd6 1-0

[Event "GER-ch U18"]
[Site "Willingen"]
[Date "2007.05.29"]
[Round "6"]
[White "Bracker, Arne"]
[Black "Isakson, Alex"]
[Result "1/2-1/2"]
[WhiteElo "2080"]
[BlackElo "1884"]
[PlyCount "60"]
[EventDate "2007.05.26"]
[EventType "swiss"]
[EventRounds "9"]
[EventCountry "GER"]
[SourceTitle "CBM 118 Extra"]
[Source "ChessBase"]
[SourceDate "2007.07.04"]
[SourceVersion "1"]
[SourceVersionDate "2007.07.04"]
[SourceQuality "1"]

1. e4 c5 2. Nf3 Nc6 3. Bb5 g6 4. Bxc6 dxc6 5. d3 Bg7 6. h3 e5 7. Be3 b6 8. 0-0 Ne7 9. Nc3 h6 10. Nh2 g5 11. Ne2 Ng6 12. Ng3 Nf4 13. Nh5 Rg8 14. Bxf4 gxf4 15. Nxg7+ Rxg7 16. Qh5 Qf6 17. Nf3 Ke7 18. Kh2 Kd6 19. c3 Ba6 20. d4 Kc7 21. dxe5 Qe6 22. Rg1 Rag8 23. Rad1 Be2 24. Rde1 Bxf3 25. gxf3 Rg5 26. Qh4 Qxe5 27. Qxh6 R8g6 28. Rxg5 Rxg5 29. Qh4 Rh5 30. Qg4 Rg5 1/2-1/2

[Event "Volme op-C"]
[Site "Schalksmuehle"]
[Date "2006.08.26"]
[Round "3"]
[White "Isakson, Alex"]
[Black "Orlik, Thomas"]
[Result "1-0"]
[WhiteElo "1710"]
[BlackElo "1619"]
[PlyCount "39"]
[EventDate "2006.08.25"]
[EventType "tourn"]
[EventRounds "5"]
[EventCountry "GER"]
[SourceTitle "EXT 2008"]
[Source "ChessBase"]
[SourceDate "2007.11.25"]
[SourceVersion "1"]
[SourceVersionDate "2007.11.25"]
[SourceQuality "1"]

1. e4 e5 2. Nf3 Nc6 3. d4 exd4 4. Nxd4 Bc5 5. Be3 Qf6 6. c3 Nge7 7. Bc4 Qg6 8. 0-0 Ne5 9. Be2 Qxe4 10. Nd2 Qd5 11. f4 Bxd4 12. Bxd4 N5g6 13. Bf3 Qf5 14. Be4 Qa5 15. f5 Ne5 16. b4 Qa6 17. Bxe5 d6 18. Bxg7 Rg8 19. f6 Nc6 20. Bxh7 1-0

[Event "GER-ch U16"]
[Site "Willingen"]
[Date "2006.06.06"]
[Round "5"]
[White "Glantz, Robert"]
[Black "Isakson, Alex"]
[Result "1-0"]
[WhiteElo "1926"]
[BlackElo "1905"]
[PlyCount "85"]
[EventDate "2006.06.03"]
[EventType "swiss"]
[EventRounds "9"]
[EventCountry "GER"]
[SourceTitle "EXT 2007"]
[Source "ChessBase"]
[SourceDate "2006.11.23"]
[SourceVersion "1"]
[SourceVersionDate "2006.11.23"]
[SourceQuality "1"]

1. e4 Nc6 2. d4 d5 3. e5 f6 4. f4 Bf5 5. Nf3 Be4 6. Be2 Qd7 7. c3 Nh6 8. Na3 Nf7 9. b3 0-0-0 10. Nc2 e6 11. Be3 Be7 12. Qd2 Rhg8 13. 0-0-0 f5 14. Rhg1 Rdf8 15. Kb2 h6 16. Nb4 g5 17. Bb5 Bxb4 18. cxb4 gxf4 19. Bxf4 Rg6 20. Nh4 Rg4 21. g3 Ng5 22. Be2 Nh3 23. Bxg4 Nxg1 24. Bh5 Nh3 25. Ng6 Rg8 26. Be3 Qh7 27. b5 Nd8 28. Nh4 Ng5 29. Rc1 Kb8 30. Qb4 Qd7 31. a4 b6 32. Ng6 Bf3 33. Bxg5 Bxh5 34. Bxd8 Qxd8 35. Ne7 Qf8 36. Nc6+ Kb7 37. Qc3 Qf7 38. a5 Qd7 39. Qb4 Re8 40. Rc2 Bf7 41. Qa3 Bg6 42. axb6 cxb6 43. Qxa7+ 1-0

[Event "GER-ch U16"]
[Site "Willingen"]
[Date "2006.06.04"]
[Round "3"]
[White "Schneider, David"]
[Black "Isakson, Alex"]
[Result "1-0"]
[WhiteElo "2188"]
[BlackElo "1905"]
[PlyCount "119"]
[EventDate "2006.06.03"]
[EventType "swiss"]
[EventRounds "9"]
[EventCountry "GER"]
[SourceTitle "EXT 2007"]
[Source "ChessBase"]
[SourceDate "2006.11.23"]
[SourceVersion "1"]
[SourceVersionDate "2006.11.23"]
[SourceQuality "1"]

1. e4 c5 2. Nf3 e6 3. b3 b6 4. d4 cxd4 5. Nxd4 Bb7 6. Nb5 Bxe4 7. N1c3 Bc6 8. Bf4 Na6 9. Qd2 Nf6 10. Bd6 Bxb5 11. Bxb5 Nc5 12. Bxf8 Rxf8 13. 0-0 a6 14. Be2 Rh8 15. Qd4 Kf8 16. b4 Nb7 17. Na4 d5 18. Qxb6 Qxb6 19. Nxb6 Rb8 20. c4 dxc4 21. Nxc4 Nd5 22. Bf3 Nxb4 23. Rab1 Nd8 24. Rfd1 Ke7 25. a3 Nbc6 26. Nb6 e5 27. h4 Ke6 28. Bd5+ Kf5 29. Rd3 Nd4 30. f3 f6 31. g4+ Kg6 32. h5+ Kg5 33. Kf2 N8e6 34. Bxe6 Nxe6 35. Rd7 Rhe8 36. a4 Kh6 37. a5 Nd4 38. Rc1 Nb5 39. Nd5 Red8 40. Ne3 g6 41. Rxd8 Rxd8 42. Rc6 Rd6 43. Rb6 Rxb6 44. axb6 Nd6 45. Nc4 Nb7 46. hxg6 hxg6 47. Ke3 Nc5 48. Na5 f5 49. b7 Nxb7 50. Nxb7 fxg4 51. fxg4 Kg5 52. Kf3 e4+ 53. Kg3 e3 54. Nc5 e2 55. Ne4+ Kh6 56. Kf2 Kg7 57. Kxe2 Kf7 58. Ke3 a5 59. Nc5 Kf6 60. Kf4 1-0

[Event "GER-ch U16"]
[Site "Willingen"]
[Date "2005.05.21"]
[Round "9"]
[White "Isakson, Alex"]
[Black "Koehnke, Torben"]
[Result "1-0"]
[WhiteElo "1582"]
[BlackElo "1874"]
[PlyCount "129"]
[EventDate "2005.05.14"]
[EventType "swiss"]
[EventRounds "9"]
[EventCountry "GER"]
[SourceTitle "CBM 106 Extra"]
[Source "ChessBase"]
[SourceDate "2005.07.01"]
[SourceVersion "1"]
[SourceVersionDate "2005.07.01"]
[SourceQuality "1"]

1. e4 e5 2. Nf3 Nc6 3. d4 exd4 4. Nxd4 Bc5 5. Be3 Qf6 6. c3 Nge7 7. Bc4 Ne5 8. Be2 N7g6 9. 0-0 Nf4 10. Nf5 Bxe3 11. Nxe3 Nxe2+ 12. Qxe2 d6 13. Nd5 Qd8 14. f4 Nc6 15. Qh5 Be6 16. Nd2 Qd7 17. Nf3 0-0-0 18. Rae1 f5 19. c4 Bxd5 20. exd5 Ne7 21. Ng5 Ng8 22. Ne6 g6 23. Qh4 Re8 24. Re3 Ne7 25. Ng7 g5 26. Qxg5 h6 27. Qh5 Reg8 28. Ne6 c6 29. Qf3 h5 30. Rfe1 Ng6 31. dxc6 bxc6 32. Nd4 Nh4 33. Qxc6+ Qxc6 34. Nxc6 Nxg2 35. Ne7+ Kd8 36. Nxg8 Nxe3 37. Rxe3 Rxg8+ 38. Kf2 h4 39. b4 Rg4 40. Rf3 h3 41. Ke3 Rg2 42. Rf2 Rg1 43. Rf3 Rg2 44. Rxh3 Rxa2 45. Rh7 Ra4 46. Kd4 Rxb4 47. Rxa7 Rb2 48. Kd5 Rxh2 49. Kxd6 Rh6+ 50. Kd5 Rh1 51. Rf7 Rd1+ 52. Kc5 Ra1 53. Kc6 Rf1 54. Rxf5 Ke7 55. Re5+ Kf6 56. Re8 Kf7 57. Re4 Rb1 58. c5 Kf6 59. Rd4 Ke6 60. Kc7 Ke7 61. c6 Rb5 62. Kc8 Ke8 63. c7 Ke7 64. Re4+ Kf7 65. Kd7 1-0

[Event "GER-ch U16"]
[Site "Willingen"]
[Date "2005.05.19"]
[Round "7.14"]
[White "Kuehn, Martin"]
[Black "Isakson, Alex"]
[Result "1-0"]
[WhiteElo "1758"]
[BlackElo "1582"]
[PlyCount "81"]
[EventDate "2005.05.14"]
[EventType "swiss"]
[EventRounds "9"]
[EventCountry "GER"]
[SourceTitle "EXT 2022"]
[Source "ChessBase"]
[SourceDate "2021.10.06"]
[SourceVersion "1"]
[SourceVersionDate "2021.10.06"]
[SourceQuality "1"]

1. d4 d5 2. c4 Nc6 3. Nf3 Bg4 4. Nc3 e6 5. Bf4 Bxf3 6. gxf3 dxc4 7. e3 Bb4 8. Bxc4 Nge7 9. Qb3 Ng6 10. Bg3 Qe7 11. 0-0-0 0-0 12. a3 Na5 13. Qxb4 Qxb4 14. axb4 Nxc4 15. b3 Nd6 16. Kb2 f5 17. Bxd6 cxd6 18. Nb5 Rad8 19. Nxa7 f4 20. e4 e5 21. d5 Ra8 22. Nb5 Ra6 23. Nc7 Rb6 24. b5 Rf7 25. Rc1 Nf8 26. Ka3 Nd7 27. Kb4 Nc5 28. Ka5 Rxc7 29. Kxb6 Re7 30. b4 Na4+ 31. Ka5 Nb2 32. b6 Nd3 33. Rc8+ Kf7 34. Rc7 g5 35. Rd1 Nxf2 36. Rdc1 g4 37. Rxe7+ Kxe7 38. Rc7+ Kf6 39. Rxb7 g3 40. Rc7 gxh2 41. Rxh7 1-0

[Event "GER-ch U16"]
[Site "Willingen"]
[Date "2005.05.15"]
[Round "3"]
[White "Isakson, Alex"]
[Black "Gegenfurtner, Juergen"]
[Result "0-1"]
[WhiteElo "1582"]
[BlackElo "1926"]
[PlyCount "58"]
[EventDate "2005.05.14"]
[EventType "swiss"]
[EventRounds "9"]
[EventCountry "GER"]
[SourceTitle "CBM 106 Extra"]
[Source "ChessBase"]
[SourceDate "2005.07.01"]
[SourceVersion "1"]
[SourceVersionDate "2005.07.01"]
[SourceQuality "1"]

1. e4 e6 2. d4 d5 3. e5 c5 4. c3 Nc6 5. Nf3 Bd7 6. Nbd2 f6 7. Nb3 c4 8. Nbd2 Qc7 9. Qe2 Nh6 10. Nb1 Nf7 11. Bf4 g5 12. Bg3 g4 13. Nfd2 fxe5 14. Qxg4 Qb6 15. b3 exd4 16. Qd1 d3 17. Qc1 Qa6 18. bxc4 dxc4 19. a4 Na5 20. Bc7 Rc8 21. Bxa5 Qxa5 22. Ne4 Qe5 23. Nbd2 Nd6 24. f4 Qxf4 25. Nxd6+ Bxd6 26. Qb2 0-0 27. Nf3 Qe3+ 28. Kd1 Rxf3 29. Qxb7 Rf2 0-1

[Event "GER-chT North U16"]
[Site "Syke"]
[Date "2004.09.18"]
[Round "6.3"]
[White "Isakson, Alex"]
[Black "Janiesch, Maike"]
[Result "0-1"]
[WhiteElo "1435"]
[BlackElo "1468"]
[PlyCount "100"]
[EventDate "2004.09.16"]
[EventType "team-swiss"]
[EventRounds "7"]
[EventCountry "GER"]
[SourceTitle "EXT 2006"]
[Source "ChessBase"]
[SourceDate "2005.11.24"]
[SourceVersion "1"]
[SourceVersionDate "2005.11.24"]
[SourceQuality "1"]

1. e4 e5 2. Nf3 Nc6 3. d4 exd4 4. Nxd4 Bc5 5. Be3 Qf6 6. c3 Nge7 7. Be2 0-0 8. 0-0 a6 9. a4 d5 10. Nxc6 Qxc6 11. Bxc5 Qxc5 12. Bf3 Be6 13. Re1 Rad8 14. Qc2 Rd7 15. Nd2 d4 16. c4 Nc6 17. Rad1 Nb4 18. Qb1 Rfd8 19. b3 d3 20. Rc1 Qg5 21. Qb2 Nc2 22. Red1 Nd4 23. Kf1 Qh4 24. h3 Nxf3 25. Nxf3 Qxe4 26. Re1 Qf4 27. Re3 d2 28. Rd1 Rd3 29. Rxd2 Rxd2 30. Nxd2 Qd6 31. Nf3 Qd1+ 32. Ne1 h6 33. Qc2 Qxc2 34. Nxc2 Kf8 35. Ke2 a5 36. Re5 b6 37. Ke3 c5 38. f4 Re8 39. Ke4 f6 40. Rxe6 Rxe6+ 41. Kd5 Ke7 42. g4 Kd7 43. Na3 Re3 44. Nb5 g5 45. Nd6 gxf4 46. Nf7 f3 47. h4 f2 48. g5 hxg5 49. hxg5 f1Q 50. Nd6 Qd3# 0-1

[Event "GER-chT North U16"]
[Site "Syke"]
[Date "2004.09.16"]
[Round "2.2"]
[White "Isakson, Alex"]
[Black "Van Akkeren, Arno"]
[Result "0-1"]
[WhiteElo "1435"]
[BlackElo "1667"]
[PlyCount "120"]
[EventDate "2004.09.16"]
[EventType "team-swiss"]
[EventRounds "7"]
[EventCountry "GER"]
[SourceTitle "EXT 2006"]
[Source "ChessBase"]
[SourceDate "2005.11.24"]
[SourceVersion "1"]
[SourceVersionDate "2005.11.24"]
[SourceQuality "1"]

1. e4 e5 2. Nf3 Nc6 3. d4 exd4 4. Nxd4 d6 5. c4 Be7 6. Nc3 Nf6 7. Be2 0-0 8. 0-0 Re8 9. Be3 Be6 10. Qa4 Qd7 11. Rad1 Nxe4 12. Nxc6 Nxc3 13. Nxe7+ Rxe7 14. Qc2 Nxe2+ 15. Qxe2 Rae8 16. h3 Qc6 17. b3 Bd7 18. Rd5 Re6 19. Qf3 Rg6 20. Rfd1 Be6 21. Rg5 Qxf3 22. gxf3 Rxg5+ 23. Bxg5 Bxh3 24. Be3 f6 25. Kh2 Bd7 26. c5 Re6 27. cxd6 cxd6 28. Bxa7 Bc6 29. Kg3 Kf7 30. a4 d5 31. Bc5 Re2 32. b4 Bxa4 33. Rxd5 Rb2 34. Kf4 b6 35. Bd6 Rxf2 36. Bc7 Bc6 37. Bxb6 Rxf3+ 38. Kxf3 Bxd5+ 39. Kf4 Ke6 40. Bc7 Bc6 41. Ke3 Kd5 42. Kf4 Bd7 43. Bd8 g5+ 44. Kg3 Ke5 45. Bc7+ Kf5 46. Kf3 h5 47. Kg3 h4+ 48. Kh3 Ke4+ 49. Kg2 f5 50. Bd8 Kf4 51. Kh3 Bb5 52. Bc7+ Kf3 53. Bd8 Bf1+ 54. Kh2 Kg4 55. Kg1 Bb5 56. Kg2 h3+ 57. Kh2 f4 58. Kg1 Kg3 59. Bxg5 h2+ 60. Kh1 Bc6# 0-1